| 000 | 00768nam a2200217 i 4500 | ||
|---|---|---|---|
| 001 | 10664 | ||
| 003 | ES-MaACL | ||
| 005 | 20230906145931.0 | ||
| 007 | t| | ||
| 008 | 951002s1994 sp ||||1| spa d | ||
| 020 | _a84-7847-319-X | ||
| 080 | _a929.6(460.12) | ||
| 080 | _a929.9(460.12) | ||
| 100 | 1 |
_aPanizo Gómez, Eduardo. _988796 |
|
| 245 | 1 | 0 |
_aHeráldica institucional y vexilología del Principado de Asturias / _cEduardo Panizo Gómez. |
| 260 |
_a[Oviedo] : _bServicio Central de Publicaciones del Principado de Asturias, _cD.L. 1994. |
||
| 300 |
_a482, [6] p. : _bil. col. ; _c32 cm. |
||
| 650 | 4 |
_aHeráldica- _zAsturias (Comunidad Autónoma) _913312 |
|
| 650 | 4 |
_aBanderas- _zAsturias (Comunidad Autónoma) _910493 |
|
| 852 |
_aES-MaACL _jB-1494 _bR.123997 |
||
| 999 |
_c10664 _d10664 |
||